| 000 -LEADER |
| fixed length control field |
00375nam a2200145Ia 4500 |
| 008 - FIXED-LENGTH DATA ELEMENTS--GENERAL INFORMATION |
| fixed length control field |
230630s9999||||xx |||||||||||||| ||und|| |
| 082 ## - DEWEY DECIMAL CLASSIFICATION NUMBER |
| Classification number |
621.3 |
| Item number |
Saw/A |
| 100 ## - MAIN ENTRY--PERSONAL NAME |
| Personal name |
Sawhney A.K |
| 245 #2 - TITLE STATEMENT |
| Title |
A Course In Electrical And Electronic Measurements And Instrumentation |
| 250 ## - EDITION STATEMENT |
| Edition statement |
18th |
| 260 ## - PUBLICATION, DISTRIBUTION, ETC. |
| Place of publication, distribution, etc. |
Delhi |
| Name of publisher, distributor, etc. |
Dhanpat rai & Co |
| 260 ## - PUBLICATION, DISTRIBUTION, ETC. |
| Date of publication, distribution, etc. |
2009 |
| 300 ## - PHYSICAL DESCRIPTION |
| Extent |
1688p |
| 942 ## - ADDED ENTRY ELEMENTS (KOHA) |
| Koha item type |
Book |